| 000 | 01290nam a2200289 a 4500 | ||
|---|---|---|---|
| 003 | OSt | ||
| 005 | 20240118142158.0 | ||
| 007 | cr ||||||a|c|a | ||
| 008 | 240112s2023 mx a|||fom||| 001 0 spa d | ||
| 040 | _erda | ||
| 100 | 1 |
_9188452 _aLozano Rojas, Miguel Angel |
|
| 245 | 1 |
_aCertificación GLOBALG.A.P. en el cultivo de limón persa: _b(Citrus latifolia Tanaka) en Tlapacoyan, Veracruz, México / _cMiguel Angel Lozano Rojas;director de tesis Sergio Roberto Marquez Berber |
|
| 264 | 1 |
_aChapingo, México : _bEl autor, _c2023. |
|
| 300 |
_a1 recurso en línea (131 páginas): _bcuadros y figuras. |
||
| 336 |
_2rdacontent _atexto _btxt |
||
| 337 |
_2rdamedia _acomputadora _bc |
||
| 338 |
_2rdacarrier _arecurso en línea _bcr |
||
| 502 |
_bIAEF _cFitotecnia _d2023. _gLIC |
||
| 504 | _aIncluye referencias bibliográficas: páginas 114-124 | ||
| 650 | 4 |
_9130839 _aLimón persa _xCalidad |
|
| 650 | 4 |
_9128624 _aLimón persa _xExportación |
|
| 650 | 4 |
_966870 _aLimón persa _xMercadeo |
|
| 650 | 4 |
_9130841 _aLimón persa _xSiatemas de producción _xAnálisis |
|
| 700 | 1 |
_976297 _aMárquez Berber, Sergio Roberto _eDirector de tesis. |
|
| 856 |
_uhttp://10.13.5.2/tesis/tl/0910693-9_LOZANO_ROJAS_MIGUELANGEL.pdf _zDESCARGAR PDF |
||
| 942 |
_2Clasificación Universidad Autónoma Chapingo _cTD |
||
| 999 |
_c219519 _d219519 |
||